000 00552nam a2200229Ia 4500
003 OSt
005 20221005113746.0
006 a|||||r|||| 00| 0
007 ta
008 221004b |||||||| |||| 00| 0 eng d
024 _a38510
037 _cTextual
040 _aCRL
_cCRL
_beng
041 _2eng
_aeng
082 _aO:2M60:16, G4
245 0 _aAdmirable crichton
260 _c1934
490 _aModern standard authors
650 _aENGLISH LITERATURE
942 _hO:2M60:16, G4
_cTEXL
_2cc
999 _c1029180
_d1029180